| 000 | 00641nam a2200193Ii 4500 | ||
|---|---|---|---|
| 003 | JO-AjNU | ||
| 008 | 230605s9999||||xx |||||||||||||| ||und|| | ||
| 040 |
_aJO-AjNU _bara _erda _cJO-AjNU |
||
| 041 | _aara | ||
| 050 | 1 | 4 | _aT174.7.M83 2015 |
| 100 | 3 |
_aالمهتدي، سوسن زهير , _eauthor _956812 |
|
| 245 | 0 | 0 | _aثورة النانو في عصر التكنولوجيا |
| 264 | 3 | 1 | _aعمان: دار الثقافة،2015 |
| 300 | _a334ص | ||
| 336 |
_atext _btxt _2rdacontent |
||
| 337 |
_aunmediated _bn _2rdamedia |
||
| 338 |
_avolume _bnc _2rdacarrier |
||
| 650 | 4 |
_aثورت النانو-عصر التكنولوجيا _956813 |
|
| 999 |
_aA25422 _c28990 _d28990 |
||